000 00453nam a22001697a 4500
003 OSt
008 260504b |||||||| |||| 00| 0 eng d
082 _a633.11
_bV84E
100 _aVishwakarma, Sanjay Kr.
245 _aEffect of Varying Schedule and Limited Frequency of Irrigation on the Yield of Late Sown Wheat
260 _aPusa
_bRAU
_c1980
300 _a67P.
502 _bMsc.
_d1980
650 _aAgronomy
650 _a1980
942 _2ddc
_cT
999 _c50386
_d50386